[Event "23. Aberto Xadrez Albariño"]
[Site "Cambados ESP"]
[Date "2007.08.06"]
[Round "5.4"]
[White "Perez Fungueiro, Manuel Antonio"]
[Black "Manolache, Marius"]
[Result "0-1"]
[WhiteElo "2234"]
[BlackElo "2528"]
[PlyCount "94"]
[EventDate "2007.08.02"]
[EventType "swiss"]
[EventRounds "9"]
[EventCountry "ESP"]
[Source "lmi"]
[SourceDate "2007.08.02"]

1. c4 Nf6 2. g3 e5 3. Bg2 Bc5 4. Nc3 O-O 5. e3 Re8 6. Nge2 d6 7. O-O c6 8. Na4
Qe7 9. Nxc5 dxc5 10. b3 Bf5 11. Bb2 Bd3 12. f4 Nbd7 13. h3 Qd6 14. Kh2 Rad8 15.
Rf2 Ne4 16. Bxe4 Bxe4 17. Ng1 exf4 18. gxf4 Qh6 19. Qg4 Re6 20. f5 Nf6 21. Bxf6
Qxf6 22. Raf1 Re7 23. Ne2 Bd3 24. Re1 Bxe2 25. Rexe2 Re5 26. d4 cxd4 27. exd4
Rxe2 28. Rxe2 h5 29. Qxh5 Qxd4 30. Qg4 Qf6 31. Kg2 a5 32. h4 Qc3 33. Qg5 Qd3
34. Kf2 Qd6 35. Kg2 b5 36. f6 g6 37. h5 Qd3 38. Re3 Qd2+ 39. Kg3 Rd3 40. Kf3
Rxe3+ 41. Qxe3 Qxe3+ 42. Kxe3 gxh5 43. Kf4 Kh7 44. Kg5 h4 45. Kxh4 Kg6 46. Kg4
b4 47. Kf4 Kxf6 0-1

[Event "23. Aberto Xadrez Albariño"]
[Site "Cambados ESP"]
[Date "2007.08.06"]
[Round "5.5"]
[White "Garcia Castro, Pablo"]
[Black "Cruz Alvarez, Dan"]
[Result "1-0"]
[WhiteElo "2405"]
[BlackElo "2204"]
[PlyCount "117"]
[EventDate "2007.08.02"]
[EventType "swiss"]
[EventRounds "9"]
[EventCountry "ESP"]
[Source "lmi"]
[SourceDate "2007.08.02"]

1. g3 c6 2. Bg2 g6 3. Nf3 Bg7 4. d3 e5 5. e4 d6 6. a4 f5 7. O-O Ne7 8. Nbd2 O-O
9. b4 f4 10. Nc4 h6 11. d4 Be6 12. Qd3 Qc7 13. Bb2 Nd7 14. dxe5 dxe5 15. Qd6
Qxd6 16. Nxd6 Rab8 17. Rfd1 g5 18. Ra3 Bf6 19. Bf1 Kh7 20. Bc4 Bg4 21. Be2 Be6
22. Bc4 Bg4 23. Be2 Be6 24. a5 Ng6 25. Nf5 Rfe8 26. Rad3 Ndf8 27. g4 Bg8 28.
Rd6 Be6 29. Nd2 Bd8 30. Bc4 Bc7 31. Rd3 Red8 32. Bxe6 Rxd3 33. Bg8+ Kxg8 34.
cxd3 Rd8 35. Nf3 Kh7 36. Kf1 Ne6 37. Ke2 c5 38. Bc3 cxb4 39. Bxb4 Rd7 40. Rh1
Ng7 41. Bc3 Bb8 42. Rb1 a6 43. Rb6 Ne8 44. h4 Rc7 45. Kd2 Ba7 46. h5 Bxb6 47.
hxg6+ Kxg6 48. axb6 Rc5 49. Nxe5+ Kh7 50. Nd7 Rb5 51. Kc2 Kg6 52. Nd4 Nf6 53.
Nxf6 Rxb6 54. Nd7 Rd6 55. Ne5+ Kh7 56. Nf5 Rd8 57. Nxh6 b5 58. Nhf7 Rg8 59. d4
1-0

[Event "23. Aberto Xadrez Albariño"]
[Site "Cambados ESP"]
[Date "2007.08.06"]
[Round "5.6"]
[White "Fernandez Losada, Daniel"]
[Black "Rodriguez Lopez, Rafael"]
[Result "0-1"]
[WhiteElo "2158"]
[BlackElo "2292"]
[PlyCount "74"]
[EventDate "2007.08.02"]
[EventType "swiss"]
[EventRounds "9"]
[EventCountry "ESP"]
[Source "lmi"]
[SourceDate "2007.08.02"]

1. e4 c5 2. Nf3 e6 3. d4 cxd4 4. Nxd4 Nc6 5. Nc3 a6 6. Bc4 Qc7 7. Bb3 Nf6 8.
Be3 Bb4 9. O-O O-O 10. Bg5 Be7 11. Nxc6 bxc6 12. f4 d6 13. Qf3 Bb7 14. Qg3 c5
15. Rae1 c4 16. e5 dxe5 17. fxe5 Nh5 18. Qh4 Bxg5 19. Qxg5 cxb3 20. Qxh5 bxc2
21. Qg5 Qb6+ 22. Kh1 Qxb2 23. Ne2 h6 24. Qg3 Rad8 25. Nf4 Rd2 26. Rg1 c1=Q 27.
Rxc1 Qxe5 28. Rce1 Qg5 29. Qe3 Rfd8 30. a4 R8d4 31. Qb3 Be4 32. Qb8+ Kh7 33.
Ne2 Qg4 34. Ng3 Bd5 35. Qb1+ f5 36. a5 R4d3 37. Ne2 Rxe2 0-1

[Event "23. Aberto Xadrez Albariño"]
[Site "Cambados ESP"]
[Date "2007.08.06"]
[Round "5.7"]
[White "Torrado Quintela, Julio"]
[Black "Rodriguez Calvo, Manoel"]
[Result "1/2-1/2"]
[WhiteElo "2261"]
[BlackElo "2142"]
[PlyCount "119"]
[EventDate "2007.08.02"]
[EventType "swiss"]
[EventRounds "9"]
[EventCountry "ESP"]
[Source "lmi"]
[SourceDate "2007.08.02"]

1. e4 c5 2. Nc3 Nc6 3. Nf3 g6 4. d4 cxd4 5. Nxd4 Bg7 6. Be3 d6 7. Be2 Nf6 8.
Nb3 O-O 9. O-O Be6 10. f4 Na5 11. f5 Bc4 12. Bd3 Bxd3 13. cxd3 Nxb3 14. Qxb3
Ng4 15. Bg5 Bd4+ 16. Kh1 Kh8 17. Bh4 g5 18. Bxg5 Nf2+ 19. Rxf2 Bxf2 20. Nd5 f6
21. Bh6 Rg8 22. Rf1 Bb6 23. Qd1 Qe8 24. Qf3 Rc8 25. Qd1 Qf7 26. b4 Bd4 27. a4
a6 28. Qd2 b5 29. a5 e6 30. fxe6 Qxe6 31. Be3 Bxe3 32. Qxe3 Qg4 33. Rg1 Qg5 34.
Qf2 Rc1 35. Qxf6+ Qxf6 36. Nxf6 Rgc8 37. Nd5 Kg7 38. h4 Kf7 39. Rxc1 Rxc1+ 40.
Kh2 Ke6 41. g4 Ke5 42. g5 Kd4 43. h5 Kxd3 44. g6 hxg6 45. hxg6 Kxe4 46. g7 Rc8
47. Ne7 Re8 48. g8=Q Rxg8 49. Nxg8 Kd3 50. Ne7 Kc3 51. Nc6 d5 52. Kg2 d4 53.
Kf2 d3 54. Ke3 d2 55. Ke2 Kc2 56. Nd4+ Kc3 57. Nxb5+ Kxb4 58. Nc7 Kxa5 59. Nxa6
d1=Q+ 60. Kxd1 1/2-1/2

[Event "23. Aberto Xadrez Albariño"]
[Site "Cambados ESP"]
[Date "2007.08.06"]
[Round "5.8"]
[White "Echarte Buil, Oscar"]
[Black "Patiño Romaris, Roberto"]
[Result "1/2-1/2"]
[WhiteElo "2136"]
[BlackElo "2248"]
[PlyCount "57"]
[EventDate "2007.08.02"]
[EventType "swiss"]
[EventRounds "9"]
[EventCountry "ESP"]
[Source "lmi"]
[SourceDate "2007.08.02"]

1. f4 d5 2. Nf3 g6 3. e3 Bg7 4. Be2 Nf6 5. O-O O-O 6. d3 c5 7. Nc3 d4 8. Ne4
dxe3 9. Nxc5 Nd5 10. d4 Nxf4 11. Bxe3 Nxe2+ 12. Qxe2 Nc6 13. c3 b6 14. Nb3 Bb7
15. Rad1 Qc7 16. Bf2 Rae8 17. Bg3 Qc8 18. Rfe1 Rd8 19. Nc1 e6 20. Nd3 Ba6 21.
Qe3 Bxd3 22. Rxd3 Rd5 23. b3 b5 24. Red1 Qa6 25. Qd2 Rfd8 26. Qc2 h6 27. Bf2
R8d7 28. R3d2 Rd8 29. Be3 1/2-1/2

[Event "23. Aberto Xadrez Albariño"]
[Site "Cambados ESP"]
[Date "2007.08.06"]
[Round "5.9"]
[White "Menendez Rey, Javier"]
[Black "Peña Torres, Jose Carlos"]
[Result "1-0"]
[WhiteElo "2251"]
[BlackElo "2131"]
[PlyCount "69"]
[EventDate "2007.08.02"]
[EventType "swiss"]
[EventRounds "9"]
[EventCountry "ESP"]
[Source "lmi"]
[SourceDate "2007.08.02"]

1. d4 e6 2. Bf4 Nf6 3. Nd2 d5 4. e3 Nbd7 5. Bd3 c5 6. c3 g6 7. h3 Bg7 8. Ngf3
O-O 9. O-O b6 10. b4 Qe7 11. bxc5 bxc5 12. Bh2 cxd4 13. cxd4 Bb7 14. Qb3 Bc6
15. Rfc1 Rac8 16. Ba6 Rb8 17. Bxb8 Rxb8 18. Qc3 Rb6 19. Bf1 Ne4 20. Nxe4 dxe4
21. Nd2 h6 22. Nc4 Rb8 23. Na5 Bd5 24. Nc6 Bxc6 25. Qxc6 Nf6 26. Qc7 Rb7 27.
Qxe7 Rxe7 28. Rab1 Nd5 29. a4 a5 30. Rb5 Ra7 31. Rc8+ Kh7 32. Rbb8 Nc7 33. Bb5
f5 34. Bc6 e5 35. d5 1-0

[Event "23. Aberto Xadrez Albariño"]
[Site "Cambados ESP"]
[Date "2007.08.06"]
[Round "5.10"]
[White "Carrey Abellan, Enric"]
[Black "Sanchez Aller, Fernando"]
[Result "0-1"]
[WhiteElo "1970"]
[BlackElo "2260"]
[PlyCount "62"]
[EventDate "2007.08.02"]
[EventType "swiss"]
[EventRounds "9"]
[EventCountry "ESP"]
[Source "lmi"]
[SourceDate "2007.08.02"]

1. d4 Nf6 2. Nf3 e6 3. c4 b6 4. Bf4 Bb7 5. e3 Ne4 6. h3 g5 7. Bh2 h5 8. Nbd2
Bb4 9. a3 Bxd2+ 10. Nxd2 Nxd2 11. Kxd2 d6 12. b4 Nd7 13. Rg1 Qf6 14. Qe2 c5 15.
bxc5 dxc5 16. Kc3 Rc8 17. Rd1 b5 18. Qd2 Nb6 19. Be5 Na4+ 20. Kb3 bxc4+ 21.
Bxc4 Qd8 22. Bxh8 Bd5 23. Rc1 Rb8+ 24. Ka2 Ke7 25. Be5 Rb2+ 26. Qxb2 Nxb2 27.
Kxb2 f6 28. Bh2 Bxc4 29. Rxc4 Qb6+ 30. Kc2 cxd4 31. Rb1 d3+ 0-1

[Event "23. Aberto Xadrez Albariño"]
[Site "Cambados ESP"]
[Date "2007.08.06"]
[Round "5.11"]
[White "Casanova Nuñez, Javier"]
[Black "Gonzalez Trigo, Jose Luis"]
[Result "1-0"]
[WhiteElo "2152"]
[BlackElo "1777"]
[PlyCount "95"]
[EventDate "2007.08.02"]
[EventType "swiss"]
[EventRounds "9"]
[EventCountry "ESP"]
[Source "lmi"]
[SourceDate "2007.08.02"]

1. e4 c5 2. Nf3 d6 3. Bc4 e6 4. O-O Nc6 5. c3 Nf6 6. d3 Be7 7. Re1 O-O 8. Nbd2
a6 9. a4 b6 10. Nf1 Bb7 11. Ng3 Re8 12. Bb3 b5 13. axb5 axb5 14. Rxa8 Qxa8 15.
d4 c4 16. Bc2 Bf8 17. Bg5 Nd7 18. Nd2 f6 19. Be3 Ne7 20. f4 Ng6 21. Qh5 Qa6 22.
f5 exf5 23. exf5 Rxe3 24. Rxe3 Nf4 25. Qe8 Qa1+ 26. Ngf1 Bc6 27. Be4 d5 28. Bf3
b4 29. Qc8 Qa8 30. Qxa8 Bxa8 31. Nxc4 dxc4 32. Bxa8 Nb6 33. Be4 Na4 34. g3 Nh3+
35. Kg2 Ng5 36. Bd5+ Nf7 37. Bxc4 Nxb2 38. Bb3 g6 39. fxg6 hxg6 40. cxb4 Kg7
41. b5 Nd8 42. b6 Bd6 43. Nd2 f5 44. Nf3 f4 45. gxf4 Bxf4 46. b7 Nc6 47. Rc3
Nb8 48. Ne5 1-0

[Event "23. Aberto Xadrez Albariño"]
[Site "Cambados ESP"]
[Date "2007.08.06"]
[Round "5.12"]
[White "Carril Gonzalez, Angel"]
[Black "Veganzonez Rojo, David"]
[Result "0-1"]
[WhiteElo "2054"]
[BlackElo "2104"]
[PlyCount "76"]
[EventDate "2007.08.02"]
[EventType "swiss"]
[EventRounds "9"]
[EventCountry "ESP"]
[Source "lmi"]
[SourceDate "2007.08.02"]

1. c4 c6 2. g3 d5 3. cxd5 cxd5 4. Bg2 Nf6 5. d4 Nc6 6. Nc3 g6 7. e3 Bg7 8. Nge2
O-O 9. O-O Re8 10. b3 Bf5 11. Nf4 e6 12. Bb2 Rc8 13. Rc1 a6 14. Nd3 Bxd3 15.
Qxd3 b5 16. Rfd1 Qb6 17. Ne2 Rc7 18. Nf4 Rec8 19. Qb1 Nd7 20. Bxd5 exd5 21.
Nxd5 Qb7 22. Nxc7 Rxc7 23. Qc2 Rc8 24. Qe4 Qa8 25. Rc2 Nf6 26. Qf3 Nb4 27.
Rxc8+ Qxc8 28. a3 Qc2 29. axb4 Qxb2 30. e4 Qc2 31. Re1 Qd2 32. Rd1 Qxb4 33. Rc1
Qxd4 34. Rd1 Qe5 35. Re1 h5 36. Qd3 Bf8 37. Kg2 Bc5 38. Rd1 Qxe4+ 0-1

[Event "23. Aberto Xadrez Albariño"]
[Site "Cambados ESP"]
[Date "2007.08.06"]
[Round "5.13"]
[White "Otero Chaves, Carlos M"]
[Black "Eyo Castro-Rial, Alberto"]
[Result "0-1"]
[WhiteElo "1912"]
[BlackElo "2192"]
[PlyCount "96"]
[EventDate "2007.08.02"]
[EventType "swiss"]
[EventRounds "9"]
[EventCountry "ESP"]
[Source "lmi"]
[SourceDate "2007.08.02"]

1. e4 e6 2. d4 d5 3. Nd2 Nf6 4. e5 Nfd7 5. Bd3 c5 6. c3 Nc6 7. Ne2 cxd4 8. cxd4
f6 9. exf6 Nxf6 10. O-O Bd6 11. f4 O-O 12. Nf3 Qb6 13. a3 a5 14. Kh1 Bd7 15.
Ne5 Be8 16. Nxc6 bxc6 17. Ng1 c5 18. dxc5 Bxc5 19. Nf3 Bh5 20. h3 Ne4 21. Kh2
Be3 22. g4 Bxc1 23. Rxc1 Bg6 24. Rc2 Rxf4 25. Qc1 Raf8 26. Rc6 Qb8 27. Kg2
Rxg4+ 28. hxg4 Qg3+ 29. Kh1 Nf2+ 30. Rxf2 Qxf2 31. Ne5 Qh4+ 32. Kg1 Qg3+ 33.
Kh1 Bxd3 34. Nxd3 Qxd3 35. Rc8 Qf3+ 36. Kh2 Qxg4 37. Rxf8+ Kxf8 38. Qc5+ Kf7
39. Qxa5 Qe2+ 40. Kg3 Qxb2 41. Qc7+ Kg6 42. Qe7 Qe5+ 43. Kg2 d4 44. Qe8+ Kg5
45. a4 d3 46. Qd8+ Kf4 47. Qh4+ Ke3 48. Qf2+ Ke4 0-1

[Event "23. Aberto Xadrez Albariño"]
[Site "Cambados ESP"]
[Date "2007.08.07"]
[Round "6.1"]
[White "Samolins, Vitalijs"]
[Black "Iotov, Valentin"]
[Result "1-0"]
[WhiteElo "2317"]
[BlackElo "2502"]
[PlyCount "65"]
[EventDate "2007.08.02"]
[EventType "swiss"]
[EventRounds "9"]
[EventCountry "ESP"]
[Source "lmi"]
[SourceDate "2007.08.02"]

1. e4 c5 2. Nc3 Nc6 3. g3 g6 4. Bg2 Bg7 5. d3 d6 6. Be3 Rb8 7. a4 a6 8. f4 Nh6
9. h3 f5 10. Nf3 O-O 11. O-O b5 12. axb5 axb5 13. e5 Nf7 14. Re1 dxe5 15. Bxc5
b4 16. Na4 Bb7 17. c3 Qc7 18. d4 exf4 19. d5 Nce5 20. Nd4 bxc3 21. gxf4 cxb2
22. Rb1 Nd7 23. Rxe7 Qc8 24. Ne6 Bh6 25. Rxb2 Nxc5 26. Naxc5 Ba8 27. Rc2 Rb4
28. Nd7 Qa6 29. Ndxf8 Bxf8 30. Re8 Rb8 31. Rxb8 Qa7+ 32. Qd4 Qxb8 33. Rc7 1-0

[Event "23. Aberto Xadrez Albariño"]
[Site "Cambados ESP"]
[Date "2007.08.07"]
[Round "6.2"]
[White "Manolache, Marius"]
[Black "Rusev, Krasimir"]
[Result "1-0"]
[WhiteElo "2528"]
[BlackElo "2443"]
[PlyCount "79"]
[EventDate "2007.08.02"]
[EventType "swiss"]
[EventRounds "9"]
[EventCountry "ESP"]
[Source "lmi"]
[SourceDate "2007.08.02"]

1. d4 Nf6 2. c4 e6 3. Nf3 b6 4. a3 Bb7 5. Nc3 d5 6. cxd5 Nxd5 7. e3 g6 8. Qa4+
c6 9. Bd2 Bg7 10. e4 Nxc3 11. Bxc3 O-O 12. Rd1 Nd7 13. Bd3 c5 14. Bb5 Nb8 15.
O-O a6 16. Be2 Nd7 17. d5 b5 18. Qc2 e5 19. b3 Qb6 20. a4 Rfc8 21. Qa2 Qd6 22.
Qb2 b4 23. Be1 a5 24. Nd2 Nb6 25. Nc4 Nxc4 26. Bxc4 f5 27. f3 Rc7 28. Qe2 Rf8
29. Bf2 h5 30. Bb5 Bh6 31. Rfe1 f4 32. Qc4 Kh8 33. Bc6 Bxc6 34. Bxc5 Bxa4 35.
Bxd6 Rxc4 36. bxc4 Bxd1 37. Bxf8 Bxf8 38. Rxd1 Bd6 39. Ra1 b3 40. Rxa5 1-0

[Event "23. Aberto Xadrez Albariño"]
[Site "Cambados ESP"]
[Date "2007.08.07"]
[Round "6.3"]
[White "Starostits, Ilmars"]
[Black "Garcia Castro, Pablo"]
[Result "1-0"]
[WhiteElo "2497"]
[BlackElo "2405"]
[PlyCount "67"]
[EventDate "2007.08.02"]
[EventType "swiss"]
[EventRounds "9"]
[EventCountry "ESP"]
[Source "lmi"]
[SourceDate "2007.08.02"]

1. e4 d6 2. d4 Nf6 3. Nc3 e5 4. Nf3 Nbd7 5. Bc4 Be7 6. O-O O-O 7. a4 c6 8. Qe2
exd4 9. Nxd4 Re8 10. Ba2 a5 11. h3 Bf8 12. Qf3 Ne5 13. Qd1 Qb6 14. Be3 Qb4 15.
Qe2 Ng6 16. Bb3 d5 17. exd5 Bc5 18. Rad1 Bxd4 19. Rxd4 Qxd4 20. Bxd4 Rxe2 21.
Nxe2 Nxd5 22. f4 Bd7 23. f5 Nh4 24. Ng3 Re8 25. Bxd5 cxd5 26. Rf4 g5 27. Rg4 f6
28. Nh5 Bxf5 29. Nxf6+ Kf7 30. Rxg5 Re1+ 31. Kf2 Rd1 32. c3 Rd2+ 33. Kg3 h6 34.
Rh5 1-0

[Event "23. Aberto Xadrez Albariño"]
[Site "Cambados ESP"]
[Date "2007.08.07"]
[Round "6.4"]
[White "Rodriguez Lopez, Rafael"]
[Black "Dimitrov, Vladimir"]
[Result "1/2-1/2"]
[WhiteElo "2292"]
[BlackElo "2452"]
[PlyCount "56"]
[EventDate "2007.08.02"]
[EventType "swiss"]
[EventRounds "9"]
[EventCountry "ESP"]
[Source "lmi"]
[SourceDate "2007.08.02"]

1. d4 Nf6 2. Nf3 e6 3. c4 b6 4. a3 c5 5. Nc3 cxd4 6. Qxd4 Nc6 7. Qd3 Bb7 8. e4
Qb8 9. Bg5 Be7 10. Be2 O-O 11. O-O d6 12. Rad1 Ne5 13. Nxe5 dxe5 14. Be3 Bc6
15. b4 Qb7 16. f3 Rfc8 17. Qb1 h5 18. Rd2 h4 19. Rfd1 Nh5 20. Nb5 Bxb5 21. cxb5
Nf4 22. Bf1 Bg5 23. Bf2 Rd8 24. Rxd8+ Rxd8 25. Rxd8+ Bxd8 26. g3 Ng6 27. Qd3
Be7 28. Be3 Qc7 1/2-1/2

[Event "23. Aberto Xadrez Albariño"]
[Site "Cambados ESP"]
[Date "2007.08.07"]
[Round "6.5"]
[White "Ivanov, Jordan"]
[Black "Casanova Nuñez, Javier"]
[Result "1-0"]
[WhiteElo "2382"]
[BlackElo "2152"]
[PlyCount "85"]
[EventDate "2007.08.02"]
[EventType "swiss"]
[EventRounds "9"]
[EventCountry "ESP"]
[Source "lmi"]
[SourceDate "2007.08.02"]

1. d4 d5 2. c4 e6 3. Nc3 Nf6 4. cxd5 exd5 5. Bg5 Nbd7 6. e3 Be7 7. Bd3 O-O 8.
Nf3 Re8 9. Qc2 Nf8 10. h3 c6 11. O-O Ng6 12. Bxf6 Bxf6 13. b4 a6 14. a4 Be6 15.
b5 axb5 16. axb5 Qd6 17. Na4 cxb5 18. Bxb5 Rec8 19. Qb3 b6 20. Bd3 Bd8 21. Nc3
Ra5 22. Nb5 Qe7 23. Rac1 Qd7 24. Qb2 Raa8 25. Rxc8 Rxc8 26. Ra1 Qe7 27. Ra7 Qf8
28. Qb1 Rb8 29. Ne5 Nxe5 30. Bxh7+ Kh8 31. dxe5 Be7 32. Nd4 Ra8 33. Rxa8 Qxa8
34. Bf5 Bxf5 35. Qxf5 Kg8 36. e6 Bf6 37. exf7+ Kxf7 38. g4 Kg8 39. Qe6+ Kh8 40.
Qxb6 Qa1+ 41. Kg2 Qa2 42. Qb8+ Kh7 43. Qf4 1-0

[Event "23. Aberto Xadrez Albariño"]
[Site "Cambados ESP"]
[Date "2007.08.07"]
[Round "6.6"]
[White "Patiño Romaris, Roberto"]
[Black "Torrado Quintela, Julio"]
[Result "0-1"]
[WhiteElo "2248"]
[BlackElo "2261"]
[PlyCount "70"]
[EventDate "2007.08.02"]
[EventType "swiss"]
[EventRounds "9"]
[EventCountry "ESP"]
[Source "lmi"]
[SourceDate "2007.08.02"]

1. d4 d5 2. c4 e6 3. Nc3 Nf6 4. cxd5 exd5 5. Bg5 Be7 6. e3 c6 7. Qc2 Nbd7 8.
Bd3 O-O 9. Nf3 Re8 10. h3 Nf8 11. O-O-O Ne4 12. Bxe7 Qxe7 13. Bxe4 dxe4 14. Nd2
f5 15. g4 c5 16. d5 fxg4 17. hxg4 Bxg4 18. Rdg1 Bf5 19. f3 Rad8 20. Ndxe4 b5
21. Qb3 b4 22. d6+ Qe6 23. Nd5 c4 24. Qxb4 Bxe4 25. Nc7 Qf7 26. Nxe8 Bg6 27.
Nc7 Qxf3 28. Qxc4+ Kh8 29. Re1 Nd7 30. Rhf1 Qg2 31. e4 Ne5 32. Qe2 Qg3 33. Qe3
Nd3+ 34. Kc2 Qxd6 35. Qxd3 Qxd3+ 0-1

[Event "23. Aberto Xadrez Albariño"]
[Site "Cambados ESP"]
[Date "2007.08.07"]
[Round "6.7"]
[White "Sanchez Aller, Fernando"]
[Black "Echarte Buil, Oscar"]
[Result "1-0"]
[WhiteElo "2260"]
[BlackElo "2136"]
[PlyCount "61"]
[EventDate "2007.08.02"]
[EventType "swiss"]
[EventRounds "9"]
[EventCountry "ESP"]
[Source "lmi"]
[SourceDate "2007.08.02"]

1. e4 c6 2. d4 d5 3. exd5 cxd5 4. Bd3 Nc6 5. c3 Qc7 6. Ne2 Nf6 7. Bf4 Qb6 8.
Qb3 Qxb3 9. axb3 b6 10. Nd2 Bb7 11. b4 e6 12. b5 Ne7 13. Bd6 Nc8 14. Bxf8 Kxf8
15. O-O Ne8 16. Ra2 Nc7 17. Rfa1 Nd6 18. Rxa7 Ke7 19. b3 Rxa7 20. Rxa7 Ra8 21.
Rxa8 Nxa8 22. c4 Bc8 23. Nc3 Nb7 24. cxd5 f5 25. Nc4 Nd6 26. f4 Bb7 27. dxe6
Kxe6 28. Nxd6 Kxd6 29. Bxf5 g6 30. Bd3 Nc7 31. Bc4 1-0

[Event "23. Aberto Xadrez Albariño"]
[Site "Cambados ESP"]
[Date "2007.08.07"]
[Round "6.8"]
[White "Rodriguez Calvo, Manoel"]
[Black "Menendez Rey, Javier"]
[Result "0-1"]
[WhiteElo "2142"]
[BlackElo "2251"]
[PlyCount "74"]
[EventDate "2007.08.02"]
[EventType "swiss"]
[EventRounds "9"]
[EventCountry "ESP"]
[Source "lmi"]
[SourceDate "2007.08.02"]

1. e4 d6 2. d4 Nf6 3. Bd3 e5 4. d5 Be7 5. c4 O-O 6. Nc3 a5 7. h3 Na6 8. Nf3 Nc5
9. Bc2 Bd7 10. Be3 b6 11. O-O g6 12. Bxc5 bxc5 13. Ba4 Bc8 14. Ne1 Nh5 15. Nd3
Bg5 16. Ne2 Qe7 17. Ng3 Nf4 18. Ne2 f5 19. Nexf4 exf4 20. exf5 Bxf5 21. Bc2
Rab8 22. b3 Bf6 23. Rc1 Bd4 24. Ne1 Bd7 25. Nf3 Bb2 26. Rb1 Bc3 27. Bd3 Rbe8
28. Qc2 Qf6 29. Rbc1 Bb4 30. Be4 a4 31. Ne1 axb3 32. axb3 Qd4 33. Bd3 Ra8 34.
Nf3 Qf6 35. Nd2 Bxd2 36. Qxd2 f3 37. g4 Qh4 0-1

[Event "23. Aberto Xadrez Albariño"]
[Site "Cambados ESP"]
[Date "2007.08.07"]
[Round "6.9"]
[White "Veganzonez Rojo, David"]
[Black "Perez Fungueiro, Manuel Antonio"]
[Result "1/2-1/2"]
[WhiteElo "2104"]
[BlackElo "2234"]
[PlyCount "106"]
[EventDate "2007.08.02"]
[EventType "swiss"]
[EventRounds "9"]
[EventCountry "ESP"]
[Source "lmi"]
[SourceDate "2007.08.02"]

1. d4 Nf6 2. c4 c5 3. d5 b5 4. f3 bxc4 5. e4 e6 6. Nc3 Bb7 7. Bxc4 exd5 8. Nxd5
Nxd5 9. Bxd5 Bxd5 10. Qxd5 Nc6 11. Ne2 Nb4 12. Qc4 Qh4+ 13. g3 Qf6 14. O-O Qe6
15. b3 Rb8 16. Bf4 Qxc4 17. bxc4 Rb6 18. Rab1 Ra6 19. Nc3 Be7 20. Rfd1 g5 21.
Be3 Ra3 22. Rb3 Rxb3 23. axb3 Nc2 24. Nd5 Nxe3 25. Nxe3 Bf6 26. Nf5 Kd8 27. Rd5
Kc7 28. Rxc5+ Kb6 29. Rd5 Kc7 30. e5 Bd8 31. Nd4 a6 32. Nf5 Re8 33. Nd6 Rf8 34.
Ne4 Be7 35. Nc5 Bxc5+ 36. Rxc5+ Kb6 37. Rd5 Kc7 38. b4 Rb8 39. Rc5+ Kd8 40. b5
axb5 41. cxb5 Ra8 42. Kf2 Ra2+ 43. Ke3 Rxh2 44. Ke4 h5 45. Kf5 h4 46. gxh4 gxh4
47. Kg4 h3 48. Kg3 Rh1 49. f4 Rf1 50. Rc4 Rb1 51. Kxh3 Rxb5 52. Kg4 Ke7 53. Rd4
f6 1/2-1/2

[Event "23. Aberto Xadrez Albariño"]
[Site "Cambados ESP"]
[Date "2007.08.07"]
[Round "6.11"]
[White "Sanchez Quiroga, Miguel Angel"]
[Black "Stanoev, Atanas"]
[Result "0-1"]
[WhiteElo "2198"]
[BlackElo "1953"]
[PlyCount "48"]
[EventDate "2007.08.02"]
[EventType "swiss"]
[EventRounds "9"]
[EventCountry "ESP"]
[Source "lmi"]
[SourceDate "2007.08.02"]

1. e4 c5 2. Nf3 d6 3. d4 cxd4 4. Nxd4 Nf6 5. Nc3 a6 6. f4 Qc7 7. a4 e6 8. Bd3
Be7 9. O-O O-O 10. Kh1 Nc6 11. Nf3 Re8 12. Qe2 b6 13. e5 Nd7 14. Ng5 Nf8 15.
exd6 Bxd6 16. Nd5 Qd8 17. Bxh7+ Nxh7 18. Qh5 Nxg5 19. fxg5 Ne5 20. Nf6+ gxf6
21. gxf6 Ng6 22. Bf4 e5 23. Rad1 exf4 24. Qh6 Qxf6 0-1

[Event "23. Aberto Xadrez Albariño"]
[Site "Cambados ESP"]
[Date "2007.08.07"]
[Round "6.12"]
[White "Eyo Castro-Rial, Alberto"]
[Black "Lago Fernandez, Fernando"]
[Result "1-0"]
[WhiteElo "2192"]
[BlackElo "1925"]
[PlyCount "109"]
[EventDate "2007.08.02"]
[EventType "swiss"]
[EventRounds "9"]
[EventCountry "ESP"]
[Source "lmi"]
[SourceDate "2007.08.02"]

1. e4 e5 2. Nf3 Nc6 3. Bb5 a6 4. Ba4 Nf6 5. d3 b5 6. Bb3 Bc5 7. c3 O-O 8. Nbd2
d6 9. O-O h6 10. Re1 Ng4 11. Re2 Bb6 12. Nf1 Re8 13. d4 exd4 14. cxd4 Nf6 15.
h3 Bb7 16. Ng3 Qd7 17. Bf4 Rad8 18. Qd2 Kh7 19. Bc2 Ng8 20. Rae1 Ba5 21. Qc1
Bxe1 22. Rxe1 Nce7 23. h4 Kh8 24. h5 Rc8 25. Qd2 c5 26. dxc5 Rxc5 27. Bb3 Rf8
28. Ne5 Qe8 29. Qxd6 Rc8 30. Rd1 Nc6 31. Nd7 Rd8 32. Qxf8 Qxf8 33. Nxf8 Rxf8
34. Rd7 Ba8 35. Rxf7 Rxf7 36. Bxf7 Nd8 37. Bb3 Ne7 38. f3 a5 39. a3 Ndc6 40.
Bd6 Nd4 41. Bf7 Nc8 42. Bc7 b4 43. Bxa5 bxa3 44. bxa3 Nd6 45. Ba2 Nb7 46. Bc3
Nb5 47. Bb2 Nc5 48. Nf5 Na4 49. Bxg7+ Kh7 50. Bxh6 Nxa3 51. g4 Nc3 52. Bf7 Nxe4
53. fxe4 Bxe4 54. Bf8 Nb5 55. g5 1-0

[Event "23. Aberto Xadrez Albariño"]
[Site "Cambados ESP"]
[Date "2007.08.08"]
[Round "7.1"]
[White "Dimitrov, Vladimir"]
[Black "Samolins, Vitalijs"]
[Result "1/2-1/2"]
[WhiteElo "2452"]
[BlackElo "2319"]
[PlyCount "37"]
[EventDate "2007.08.02"]
[EventType "swiss"]
[EventRounds "9"]
[EventCountry "ESP"]
[Source "lmi"]
[SourceDate "2007.08.02"]

1. d4 f5 2. g3 Nf6 3. Nf3 e6 4. Bg2 d5 5. O-O Bd6 6. c4 c6 7. Bf4 O-O 8. Nc3 b6
9. Rc1 Ba6 10. cxd5 cxd5 11. Bxd6 Qxd6 12. Ne5 Bb7 13. f4 Nbd7 14. e3 Rac8 15.
Rf2 Bc6 16. h3 Nxe5 17. fxe5 Ne4 18. Nxe4 fxe4 19. Rf4 1/2-1/2

[Event "23. Aberto Xadrez Albariño"]
[Site "Cambados ESP"]
[Date "2007.08.08"]
[Round "7.2"]
[White "Starostits, Ilmars"]
[Black "Manolache, Marius"]
[Result "1/2-1/2"]
[WhiteElo "2497"]
[BlackElo "2528"]
[PlyCount "26"]
[EventDate "2007.08.02"]
[EventType "swiss"]
[EventRounds "9"]
[EventCountry "ESP"]
[Source "lmi"]
[SourceDate "2007.08.02"]

1. e4 Nc6 2. Nf3 d6 3. h3 Nf6 4. Nc3 e5 5. d4 Be7 6. dxe5 Nxe5 7. Nxe5 dxe5 8.
Qxd8+ Kxd8 9. a3 Bd6 10. Bc4 Be6 11. Bxe6 fxe6 12. Be3 Ke7 13. O-O-O a6 1/2-1/2

[Event "23. Aberto Xadrez Albariño"]
[Site "Cambados ESP"]
[Date "2007.08.08"]
[Round "7.3"]
[White "Iotov, Valentin"]
[Black "Sanchez Aller, Fernando"]
[Result "1-0"]
[WhiteElo "2502"]
[BlackElo "2260"]
[PlyCount "101"]
[EventDate "2007.08.02"]
[EventType "swiss"]
[EventRounds "9"]
[EventCountry "ESP"]
[Source "lmi"]
[SourceDate "2007.08.02"]

1. d4 Nf6 2. c4 e6 3. Nc3 Bb4 4. e3 O-O 5. Bd3 d5 6. Nf3 c5 7. O-O Nc6 8. a3
Bxc3 9. bxc3 dxc4 10. Bxc4 Qc7 11. Bb2 e5 12. h3 Bf5 13. Qe2 Rad8 14. Ba2 Bg6
15. Qb5 a6 16. Qxc5 Bd3 17. Nxe5 Ne4 18. Qxf8+ Rxf8 19. Nxd3 Na5 20. Rac1 Nc4
21. Bxc4 Qxc4 22. Rfd1 Nd6 23. Rd2 Qb5 24. Ne5 f6 25. c4 Qa4 26. Nd3 Nxc4 27.
Nc5 Qa5 28. Bc3 Qxa3 29. Rdc2 b6 30. Ra1 bxc5 31. Rxa3 Nxa3 32. Rc1 Nb5 33.
dxc5 Nxc3 34. Rxc3 Rc8 35. Kf1 Kf7 36. Ke2 Ke6 37. Kd3 Kd5 38. e4+ Kc6 39. Ra3
Re8 40. Rxa6+ Kxc5 41. Ra7 Rg8 42. Ke3 Kd6 43. f4 h5 44. f5 h4 45. Rf7 Kc5 46.
Kf3 Kd4 47. Rd7+ Kc4 48. Kg4 g6 49. Rh7 Kd4 50. Rxh4 Kxe4 51. fxg6 1-0